| 000 | 00429cam a2200193 4500 | ||
|---|---|---|---|
| 001 | B583 | ||
| 008 | 090401t1986 xxu||||| |||| 00| 0 eng d | ||
| 035 | _a(Sirsi) u36651 | ||
| 041 | _aeng | ||
| 050 | _a333.335 | ||
| 110 |
_aSavills _92020 |
||
| 245 | _aForestry | ||
| 260 |
_aBrechin,Angus _bSavills _c1986 |
||
| 300 | _a1 sheet : ill. ; 30cm. | ||
| 350 | _a0 | ||
| 650 | _aINVESTMENT | ||
| 942 | _n0 | ||
| 948 | _c04/03/1997 | ||
| 999 |
_c90357 _d90357 |
||